Programme EPP #2 - Statistiques

Statistiques générales
  • Ce quiz a été pris 26 fois
    18 depuis la dernière actualisation
  • Le résultat moyen est 25 sur 35
Statistiques - réponses
Classe Notion majeure Sous-notion % Correct
Première Imaginaires Imaginaires effrayants
100%
Première Rencontres L'amour et l'amitié
100%
Première Imaginaires L'imagination créatrice et visionnaire
100%
Première Imaginaires Utopies et dystopies
100%
Film Stanley Kubrick 2001: A Space Odyssey
86%
Oeuvre Ray Bradbury Fahrenheit 451
86%
Première Rencontres La confrontation à la différence
86%
Première Rencontres Relation entre l'individu et le groupe
86%
Oeuvre Oscar Wilde The Importance of Being Earnest
86%
Oeuvre Harper Lee To Kill a Mockingbird
86%
Film Jerome Robin & Robert Wise West Side Story
86%
Terminale Arts et débats d'idées Art et contestation
71%
Terminale Arts et débats d'idées L'art du débat
71%
Terminale Arts et débats d'idées L'art qui fait débat
71%
Terminale Expression et construction de soi L'expression des émotions
71%
Terminale Expression et construction de soi Mise en scène de soi
71%
Oeuvre Mark Haddon The Curious Incident of the Dog in the Night-Time
71%
Oeuvre Edgar Allan Poe The Fall of the House of Usher, The Tell-Tale Heart
71%
Oeuvre Carson McCullers The Heart is a Lonely Hunter
71%
Film Sidney Lumet 12 Angry Men
57%
Oeuvre Chimamanda Ngozi Adichie Americanah
57%
Terminale Voyages, territoires, frontières Ancrage et héritage
57%
Oeuvre Colm Toibin Brooklyn
57%
Oeuvre Arthur Miller Death of a Salesman
57%
Terminale Voyages, territoires, frontières Exploration et aventure
57%
Oeuvre Charlotte Brontë Jane Eyre
57%
Terminale Voyages, territoires, frontières Migration et exil
57%
Oeuvre Paul Auster Moon Palace
57%
Film Kenneth Branagh Much Ado About Nothing
57%
Oeuvre Jane Austen Pride and Prejudice
57%
Oeuvre Arundhati Roy The God of Small Things
57%
Oeuvre Margaret Atwood The Handmaid's Tale
57%
Film Jane Campion The Piano
57%
Film John Ford The searchers
57%
Terminale Expression et construction de soi Initiation, apprentissage
43%
Aucun quiz correspondant
Distribution des résultats
% des personnes avec chaque résultat
Percentile par nombre de réponses
Votre historique - résultats
Vous n’avez pas pris ce quiz depuis la dernière actualisation